Un evento al mese - 2020 - Statistics

Statistiche generali
  • Questo quiz è stato fatto 31 volte
  • Il punteggio medio è 6 su 12
Statistiche sulle risposte
Mese Domanda Risposta % Corretto
Gennaio Quale stato cessò ufficialmente di essere un membro dell'Unione Europea alle ore 24.00 del 31 gennaio? Regno Unito
93%
Marzo Chi è stata la prima nazione al mondo ad imporre una quarantena su scala nazionale per contrastare la diffusione del nuovo ceppo di coronavirus? Italia
86%
Febbraio Chi venne assolto dal Senato degli Stati Uniti dall'accusa di impeachment a suo carico? Donald Trump
75%
Aprile Quale continente superò le 100 000 morti da COVID-19 il 17 aprile? Europa
75%
Novembre Chi vinse le elezioni presidenziali negli Stati Uniti d'America? Joe Biden
75%
Maggio L'uccisione di chi da parte della polizia di Minneapolis scatenò numerose proteste nelle principali città degli Stati Uniti? George Floyd
54%
Giugno Quale paese nordamericano fu colpito da un terremoto di magnitudo 7,5 causando 10 morti? Messico
50%
Luglio Quale ex basilica cristiana fu riconvertita in moschea su decisione di Recep Tayyip Erdoğan? Santa Sofia
46%
Agosto Quale città mediorientale fu devastata da due fortissime esplosioni che provocarono oltre 200 morti e 7 000 feriti? Beirut
32%
Dicembre Quale paese fu il primo ad approvare il vaccino Pfizer? Regno Unito
32%
Ottobre Dove si abbatté il tifone Goni, uno dei più potenti della storia? Filippine
7%
Settembre Quale molecola venne riscontrata nell'atmosfera di Venere, aprendo la strada alla possibilità sul pianeta venusiano? Fosfina
0%
Nessun quiz corrispondente trovato
Distribuzione punteggi
Percentuale di utenti per punteggio
Percentile per numero di risposta
I tuoi punteggi nel tempo
Non hai fatto questo quiz